书目信息 |
| 题名: |
生产资源配置效率
|
|
| 作者: | 孙巍 著 | |
| 分册: | ||
| 出版信息: | 北京 社会科学文献出版社 2000 |
|
| 页数: | 240页 | |
| 开本: | 20cm | |
| 丛书名: | 中国经济运行丛书 | |
| 单 册: | ||
| 中图分类: | F403.3 | |
| 科图分类: | ||
| 主题词: | 工业企业管理--gong ye qi ye guan li--资源分配--研究 | |
| 电子资源: | ||
| ISBN: | 7-80149-326-5 | |
| 000 | 00921nam2 2200241 450 | |
| 001 | CAL 010020043276 | |
| 005 | 20070729094329.45 | |
| 010 | @a7-80149-326-5@dCNY15.80 | |
| 100 | @a20040430d2000 em y0chiy0121 ea | |
| 101 | 0 | @achi |
| 102 | @aCN@b110000 | |
| 105 | @aa z 000yy | |
| 200 | 1 | @a生产资源配置效率@Asheng chan zi yuan pei zhi xiao lv@e生产前沿面理论及其应用@f孙巍著 |
| 210 | @a北京@c社会科学文献出版社@d2000 | |
| 215 | @a240页@c图@d20cm | |
| 225 | 2 | @a中国经济运行丛书@Azhong guo jing ji yun xing cong shu |
| 330 | @a本书是我国在生产前沿面和经济效率研究中处于领先地位的研究成果, 具有理论分析系统完整、方法先进严谨、测度结果准确、原因分析符合实际情况、提出的对策具有针对性等特点。 | |
| 410 | 0 | @12001 @a中国经济运行丛书 |
| 606 | 0 | @a工业企业管理@Agong ye qi ye guan li@x资源分配@x研究 |
| 690 | @aF403.3@v4 | |
| 701 | 0 | @a孙巍@Asun wei@4著 |
| 801 | 0 | @aCN@bWHC@c20070729 |
| 905 | @a10447@dF403.3@e197 | |
| 生产资源配置效率:生产前沿面理论及其应用/孙巍著.-北京:社会科学文献出版社,2000 |
| 240页:图;20cm.-(中国经济运行丛书) |
| ISBN 7-80149-326-5:CNY15.80 |
| 本书是我国在生产前沿面和经济效率研究中处于领先地位的研究成果, 具有理论分析系统完整、方法先进严谨、测度结果准确、原因分析符合实际情况、提出的对策具有针对性等特点。 |
| ● |
| 相关链接 |
|
|
|
|
正题名:生产资源配置效率
索取号:F403.3/197
 
预约/预借
| 序号 | 登录号 | 条形码 | 馆藏地/架位号 | 状态 | 备注 |
| 1 | 0784271 | 207842717 | 第一样本阅览室/ [索取号:F403.3/197] | 在馆 | |
| 2 | 0784272 | 207842726 | 第一借阅区/ [索取号:F403.3/197] | 在馆 | |
| 3 | 0784273 | 207842735 | 第一借阅区/ [索取号:F403.3/197] | 在馆 | |
| 4 | 0784274 | 207842744 | 第一借阅区/ [索取号:F403.3/197] | 在馆 | |
| 5 | 0784819 | 207848196 | 第一借阅区/ [索取号:F403.3/197] | 在馆 |